Evangelism that evangelizes. (Record no. 11011)

000 -LEADER
fixed length control field 00560nam a2200181 a 4500
001 - CONTROL NUMBER
control field :::00008804$&:&@@
003 - CONTROL NUMBER IDENTIFIER
control field OkBaRHE
005 - DATE AND TIME OF LATEST TRANSACTION
control field 20000607103346.0
008 - FIXED-LENGTH DATA ELEMENTS--GENERAL INFORMATION
fixed length control field s1968 j 000 0 eng u
040 ## - CATALOGING SOURCE
Transcribing agency
100 1# - MAIN ENTRY--PERSONAL NAME
Personal name Sweazy, Carl M.
245 10 - TITLE STATEMENT
Title Evangelism that evangelizes.
260 ## - PUBLICATION, DISTRIBUTION, ETC. (IMPRINT)
Place of publication, distribution, etc Ventura, CA., :
Name of publisher, distributor, etc Clark's Printing Co.
Date of publication, distribution, etc c1968
300 ## - PHYSICAL DESCRIPTION
Extent 158 p. ;
Dimensions 22 cm.
650 ## - SUBJECT ADDED ENTRY--TOPICAL TERM
Topical term or geographic name as entry element Evangelistic Work
General subdivision Study and Teaching
942 ## - ADDED ENTRY ELEMENTS (KOHA)
Source of classification or shelving scheme
Koha item type Books
Copies
Full call number Barcode Source of classification or shelving scheme Koha item type Damaged status Not for loan Shelving location Date last seen Lost status Withdrawn status Permanent Location Price effective from Date acquired Copy number
BV 3795 .S9668804 Books  General Stacks2010-04-14  RHEMA Bible Training College2010-04-142010-04-141